[Event "Open Marianske Lazne 2015 - A - velmist"]
[Site "Marianske Lazne CZE"]
[Date "2015.01.20"]
[Round "5.4"]
[White "Berend, Fred"]
[Black "Dobrowolski, Piotr"]
[Result "0-1"]
[WhiteElo "2363"]
[BlackElo "2434"]
[PlyCount "84"]
[EventDate "2015.01.17"]
[EventType "tourn"]
[EventRounds "9"]
[EventCountry "CZE"]
[EventCategory "7"]
[Source "lmi"]
[SourceDate "2015.01.17"]

1. d4 Nf6 2. c4 e6 3. Nf3 b6 4. Nc3 Bb4 5. Bg5 Bb7 6. Nd2 h6 7. Bh4 O-O 8. Qc2
c5 9. a3 Bxc3 10. bxc3 d6 11. f3 Nbd7 12. e4 cxd4 13. cxd4 e5 14. Nb3 Rc8 15.
Bd3 Qc7 16. Rc1 Nh5 17. O-O Nf4 18. Rfd1 Rfe8 19. Bf1 Ne6 20. Qb2 a5 21. a4
exd4 22. Nxd4 Nxd4 23. Rxd4 Nc5 24. Rcd1 Nxa4 25. Qa3 Nc5 26. Rxd6 Re6 27. Bg3
Qe7 28. Rxe6 fxe6 29. Bd6 Qe8 30. Qb2 Na4 31. Qe5 Bc6 32. Be2 Qf7 33. Qa1 Rd8
34. Be5 Rxd1+ 35. Bxd1 Qd7 36. Bd4 Nc5 37. Bc2 a4 38. Qc3 a3 39. Kf2 a2 40. Ke3
Ba4 41. Bxc5 bxc5 42. Bd3 Qd4+ 0-1

[Event "Open Marianske Lazne 2015 - A - velmist"]
[Site "Marianske Lazne CZE"]
[Date "2015.01.20"]
[Round "5.5"]
[White "Zawadzka, Jolanta"]
[Black "Stachowiak, Kamil"]
[Result "1/2-1/2"]
[WhiteElo "2412"]
[BlackElo "2446"]
[PlyCount "49"]
[EventDate "2015.01.17"]
[EventType "tourn"]
[EventRounds "9"]
[EventCountry "CZE"]
[EventCategory "7"]
[Source "lmi"]
[SourceDate "2015.01.17"]

1. e4 c5 2. Nf3 e6 3. d4 cxd4 4. Nxd4 a6 5. Nc3 Qc7 6. Bd3 Nc6 7. Nxc6 bxc6 8.
Qe2 Nf6 9. O-O Be7 10. e5 Nd5 11. Nxd5 cxd5 12. Bf4 O-O 13. Rfe1 g6 14. Qg4 d6
15. Qg3 dxe5 16. Bxe5 Qd8 17. Rad1 Bb7 18. c4 Bh4 19. Qe3 Bf6 20. b3 Bxe5 21.
Qxe5 Rc8 22. Be4 Qa5 23. cxd5 Bxd5 24. Bxd5 exd5 25. Qxd5 1/2-1/2

[Event "Open Marianske Lazne 2015 - A - velmist"]
[Site "Marianske Lazne CZE"]
[Date "2015.01.21"]
[Round "6.1"]
[White "Kargin, Arseny"]
[Black "Stachowiak, Kamil"]
[Result "1/2-1/2"]
[WhiteElo "2444"]
[BlackElo "2446"]
[PlyCount "117"]
[EventDate "2015.01.17"]
[EventType "tourn"]
[EventRounds "9"]
[EventCountry "CZE"]
[EventCategory "7"]
[Source "lmi"]
[SourceDate "2015.01.17"]

1. e4 c5 2. Nf3 e6 3. d4 cxd4 4. Nxd4 Nc6 5. Nc3 Qc7 6. Be3 a6 7. Qd2 Nf6 8.
O-O-O Be7 9. f3 O-O 10. g4 b5 11. g5 Nh5 12. Nce2 Rd8 13. Ng3 Nxd4 14. Nxh5
Nxf3 15. Qf2 Ne5 16. Bb6 Qb8 17. Rg1 Kh8 18. Rg3 Bb7 19. Bd3 Rg8 20. Rdg1 Nxd3+
21. cxd3 Qe5 22. Kb1 Rac8 23. Qxf7 Bc5 24. Bxc5 Qxc5 25. a3 Qc2+ 26. Ka1 b4 27.
Nf4 Qxh2 28. Ng6+ hxg6 29. Qf3 Rgf8 30. Rh3+ Kg8 31. Qxf8+ Rxf8 32. Rxh2 bxa3
33. bxa3 Rf3 34. Rd2 Kf7 35. Kb2 Ke7 36. Kc2 Bc6 37. Rg4 Bb5 38. Kc3 e5 39. Rg1
Ke6 40. Ra1 a5 41. Rb1 Bc6 42. Kc4 Rg3 43. Rb8 Rxg5 44. Rf2 Rg1 45. Rg8 Rc1+
46. Kb3 Rb1+ 47. Kc2 Ra1 48. Kb2 Rd1 49. Rf3 Ba4 50. Kc3 Rc1+ 51. Kd2 Rd1+ 52.
Ke3 Bb5 53. Ke2 Ra1 54. Rxg7 Rxa3 55. Rxg6+ Ke7 56. Rg5 Kd6 57. Kd2 Ra2+ 58.
Ke3 Ra3 59. Kd2 1/2-1/2

[Event "Open Marianske Lazne 2015 - A - velmist"]
[Site "Marianske Lazne CZE"]
[Date "2015.01.21"]
[Round "6.2"]
[White "Dobrowolski, Piotr"]
[Black "Zawadzka, Jolanta"]
[Result "0-1"]
[WhiteElo "2434"]
[BlackElo "2412"]
[PlyCount "86"]
[EventDate "2015.01.17"]
[EventType "tourn"]
[EventRounds "9"]
[EventCountry "CZE"]
[EventCategory "7"]
[Source "lmi"]
[SourceDate "2015.01.17"]

1. e4 e5 2. Nf3 Nc6 3. Bb5 a6 4. Bxc6 dxc6 5. O-O Qd6 6. Na3 Be6 7. Qe2 f6 8.
Rd1 Bg4 9. Nc4 Qe6 10. Ne3 Bxf3 11. Qxf3 Bc5 12. d4 Bxd4 13. Nf5 O-O-O 14. c3
g6 15. Nxd4 exd4 16. cxd4 Re8 17. Re1 f5 18. e5 Ne7 19. Bd2 h6 20. Qc3 g5 21.
a4 Nd5 22. Qd3 Rhf8 23. b4 b5 24. Rec1 Nb6 25. axb5 axb5 26. Rc5 Rd8 27. h4 f4
28. Qc2 Nc4 29. Bc3 Kb7 30. Qh7 Rd7 31. Qc2 Nb6 32. Qe4 Rd5 33. f3 Na4 34. Be1
Nxc5 35. bxc5 Rdd8 36. Bf2 Ra8 37. Rb1 Qc4 38. Qg6 Ra2 39. Rf1 Rfa8 40. hxg5
Ra1 41. Rb1 hxg5 42. Kh2 R1a2 43. Kg1 Qe2 0-1

[Event "Open Marianske Lazne 2015 - A - velmist"]
[Site "Marianske Lazne CZE"]
[Date "2015.01.21"]
[Round "6.4"]
[White "Studer, Noel"]
[Black "Erenberg, Ariel"]
[Result "1-0"]
[WhiteElo "2403"]
[BlackElo "2251"]
[PlyCount "87"]
[EventDate "2015.01.17"]
[EventType "tourn"]
[EventRounds "9"]
[EventCountry "CZE"]
[EventCategory "7"]
[Source "lmi"]
[SourceDate "2015.01.17"]

1. e4 c5 2. Nf3 e6 3. d4 cxd4 4. Nxd4 Nc6 5. Nc3 Qc7 6. Be3 a6 7. Qd2 Nf6 8.
O-O-O b5 9. Bf4 Qb6 10. Nb3 Bb4 11. f3 d5 12. a3 Be7 13. exd5 exd5 14. Nxd5
Nxd5 15. Qxd5 Be6 16. Qe4 Bxb3 17. cxb3 O-O 18. Kb1 b4 19. a4 Rfe8 20. Bd3 g6
21. Rhe1 Bf6 22. Qxe8+ Rxe8 23. Rxe8+ Kg7 24. Bc4 Ne7 25. Bc1 Qf2 26. Rd2 Qg1
27. g3 Nc6 28. Rc8 Ne5 29. Bd5 Qb6 30. h3 Qa7 31. f4 Nd7 32. a5 Nc5 33. g4 h6
34. Rc2 Bd4 35. Rc4 Qd7 36. R8xc5 Bxc5 37. Rxc5 h5 38. Bc4 hxg4 39. hxg4 Qe7
40. Re5 Qd6 41. Rd5 Qe6 42. g5 Qe4+ 43. Ka2 Qe6 44. Bd2 1-0

[Event "Open Marianske Lazne 2015 - A - velmist"]
[Site "Marianske Lazne CZE"]
[Date "2015.01.21"]
[Round "6.5"]
[White "Kim, Alexey"]
[Black "Simantsev, Mikhail"]
[Result "1/2-1/2"]
[WhiteElo "2477"]
[BlackElo "2432"]
[PlyCount "20"]
[EventDate "2015.01.17"]
[EventType "tourn"]
[EventRounds "9"]
[EventCountry "CZE"]
[EventCategory "7"]
[Source "lmi"]
[SourceDate "2015.01.17"]

1. e4 e5 2. Nf3 Nf6 3. Nc3 Nc6 4. d4 exd4 5. Nxd4 Bb4 6. Nxc6 bxc6 7. Bd3 d5 8.
exd5 cxd5 9. O-O O-O 10. Bg5 c6 1/2-1/2

[Event "Open Marianske Lazne 2015 - A - velmist"]
[Site "Marianske Lazne CZE"]
[Date "2015.01.22"]
[Round "7.2"]
[White "Erenberg, Ariel"]
[Black "Kim, Alexey"]
[Result "1/2-1/2"]
[WhiteElo "2251"]
[BlackElo "2477"]
[PlyCount "79"]
[EventDate "2015.01.17"]
[EventType "tourn"]
[EventRounds "9"]
[EventCountry "CZE"]
[EventCategory "7"]
[Source "lmi"]
[SourceDate "2015.01.17"]

1. Nf3 d5 2. d4 c6 3. c4 e6 4. e3 f5 5. Bd3 Nf6 6. O-O Bd6 7. b3 Qe7 8. Bb2 O-O
9. Qc1 Nbd7 10. Ba3 c5 11. cxd5 Nxd5 12. Nbd2 b6 13. Nc4 Bc7 14. dxc5 Nxc5 15.
Nce5 Bd6 16. Bc4 Bb7 17. Bb2 Rac8 18. Qd1 Ne4 19. Rc1 b5 20. Bxd5 Bxd5 21. Qe2
Qb7 22. Nd3 b4 23. Nf4 Bxf4 24. exf4 Nc3 25. Qe3 Qb6 26. Bxc3 Qxe3 27. fxe3
bxc3 28. Nd4 Rc5 29. Rf2 Rfc8 30. Rfc2 Ra5 31. Ne2 Rc6 32. Kf2 h6 33. Rxc3 Rb6
34. R1c2 Ra3 35. Rc8+ Kh7 36. R8c7 Rba6 37. Nc1 Rd6 38. Ke1 Be4 39. Rb2 Ra5 40.
Ne2 1/2-1/2

[Event "Open Marianske Lazne 2015 - A - velmist"]
[Site "Marianske Lazne CZE"]
[Date "2015.01.22"]
[Round "7.3"]
[White "Berend, Fred"]
[Black "Studer, Noel"]
[Result "0-1"]
[WhiteElo "2363"]
[BlackElo "2403"]
[PlyCount "82"]
[EventDate "2015.01.17"]
[EventType "tourn"]
[EventRounds "9"]
[EventCountry "CZE"]
[EventCategory "7"]
[Source "lmi"]
[SourceDate "2015.01.17"]

1. e4 e5 2. Nf3 Nc6 3. Bb5 Nge7 4. O-O g6 5. c3 Bg7 6. d4 exd4 7. cxd4 a6 8.
Ba4 b5 9. Bb3 O-O 10. Nc3 d6 11. h3 Na5 12. Bc2 c5 13. d5 Nc4 14. Re1 Qa5 15.
Qd3 Bd7 16. Nd2 Rae8 17. Nxc4 bxc4 18. Qd1 Qb6 19. Rb1 f5 20. Bg5 fxe4 21. g4
Bd4 22. Bh4 g5 23. Bg3 Ng6 24. Nxe4 Ne5 25. Nxg5 h6 26. Qd2 Qd8 27. Rxe5 Rxe5
28. Ne4 Rxd5 29. Qxh6 Bg7 30. Qg6 Be8 31. Nf6+ Qxf6 32. Qh7+ Kf7 33. Re1 Qh6
34. Qe4 Re5 35. Bxe5 Bxe5 36. Qxc4+ Kg7 37. Kg2 Bc6+ 38. Be4 Qf4 39. Re2 Bb5
40. Qe6 Qh2+ 41. Kf1 Qxf2# 0-1

[Event "Open Marianske Lazne 2015 - A - velmist"]
[Site "Marianske Lazne CZE"]
[Date "2015.01.22"]
[Round "7.4"]
[White "Zawadzka, Jolanta"]
[Black "Andreev, Eduard"]
[Result "1/2-1/2"]
[WhiteElo "2412"]
[BlackElo "2458"]
[PlyCount "40"]
[EventDate "2015.01.17"]
[EventType "tourn"]
[EventRounds "9"]
[EventCountry "CZE"]
[EventCategory "7"]
[Source "lmi"]
[SourceDate "2015.01.17"]

1. e4 c5 2. Nf3 g6 3. d4 cxd4 4. Nxd4 Bg7 5. c4 Nc6 6. Be3 Nf6 7. Nc3 O-O 8.
Be2 d6 9. O-O Bd7 10. Qd2 Nxd4 11. Bxd4 Bc6 12. f3 Nd7 13. Be3 a5 14. b3 Nc5
15. Rab1 e6 16. Rfd1 Be5 17. Rbc1 Qe7 18. Bf1 Rfd8 19. Ne2 b6 20. Nd4 Bb7
1/2-1/2

[Event "Open Marianske Lazne 2015 - A - velmist"]
[Site "Marianske Lazne CZE"]
[Date "2015.01.22"]
[Round "7.5"]
[White "Stachowiak, Kamil"]
[Black "Dobrowolski, Piotr"]
[Result "1/2-1/2"]
[WhiteElo "2446"]
[BlackElo "2434"]
[PlyCount "32"]
[EventDate "2015.01.17"]
[EventType "tourn"]
[EventRounds "9"]
[EventCountry "CZE"]
[EventCategory "7"]
[Source "lmi"]
[SourceDate "2015.01.17"]

1. d4 Nf6 2. c4 g6 3. Nc3 Bg7 4. e4 d6 5. Be2 O-O 6. Nf3 e5 7. O-O exd4 8. Nxd4
Re8 9. f3 Nc6 10. Nc2 Nh5 11. g4 Be5 12. gxh5 Bxh2+ 13. Kxh2 Qh4+ 14. Kg1 Qg3+
15. Kh1 Qh3+ 16. Kg1 Qg3+ 1/2-1/2

[Event "Open Marianske Lazne 2015 - A - velmist"]
[Site "Marianske Lazne CZE"]
[Date "2015.01.23"]
[Round "8.1"]
[White "Kargin, Arseny"]
[Black "Dobrowolski, Piotr"]
[Result "1-0"]
[WhiteElo "2444"]
[BlackElo "2434"]
[PlyCount "61"]
[EventDate "2015.01.17"]
[EventType "tourn"]
[EventRounds "9"]
[EventCountry "CZE"]
[EventCategory "7"]
[Source "lmi"]
[SourceDate "2015.01.17"]

1. e4 e6 2. d4 d5 3. Nc3 Bb4 4. e5 c5 5. a3 Bxc3+ 6. bxc3 Ne7 7. Qg4 Qc7 8.
Qxg7 Rg8 9. Qxh7 cxd4 10. Ne2 Nbc6 11. f4 dxc3 12. h4 Bd7 13. h5 O-O-O 14. Qd3
Nf5 15. Rb1 d4 16. Rg1 f6 17. g4 fxe5 18. gxf5 exf5 19. Rxg8 Rxg8 20. Rb5 e4
21. Qc4 Qd8 22. Kd1 Rh8 23. Nxd4 Rxh5 24. Be3 Rh1 25. Re5 Kb8 26. Nxc6+ Bxc6+
27. Ke1 Qh4+ 28. Bf2 Qg4 29. Qd4 Kc8 30. Qxa7 e3 31. Qa8+ 1-0

[Event "Open Marianske Lazne 2015 - A - velmist"]
[Site "Marianske Lazne CZE"]
[Date "2015.01.23"]
[Round "8.2"]
[White "Andreev, Eduard"]
[Black "Stachowiak, Kamil"]
[Result "1/2-1/2"]
[WhiteElo "2458"]
[BlackElo "2446"]
[PlyCount "22"]
[EventDate "2015.01.17"]
[EventType "tourn"]
[EventRounds "9"]
[EventCountry "CZE"]
[EventCategory "7"]
[Source "lmi"]
[SourceDate "2015.01.17"]

1. e4 c5 2. Nf3 d6 3. Bb5+ Bd7 4. Bxd7+ Qxd7 5. O-O Nc6 6. c3 Nf6 7. Qe2 e6 8.
d4 cxd4 9. cxd4 d5 10. e5 Ne4 11. Nbd2 Nxd2 1/2-1/2

[Event "Open Marianske Lazne 2015 - A - velmist"]
[Site "Marianske Lazne CZE"]
[Date "2015.01.23"]
[Round "8.3"]
[White "Studer, Noel"]
[Black "Zawadzka, Jolanta"]
[Result "0-1"]
[WhiteElo "2403"]
[BlackElo "2412"]
[PlyCount "112"]
[EventDate "2015.01.17"]
[EventType "tourn"]
[EventRounds "9"]
[EventCountry "CZE"]
[EventCategory "7"]
[Source "lmi"]
[SourceDate "2015.01.17"]

1. e4 c5 2. Nf3 d6 3. Bb5+ Bd7 4. c4 Nf6 5. Nc3 Nc6 6. O-O g6 7. Qe2 e5 8. Bxc6
bxc6 9. d3 Bg7 10. a3 a5 11. Rb1 O-O 12. Bd2 Qb6 13. Qd1 Rfe8 14. Na4 Qa7 15.
h3 d5 16. Qc2 d4 17. Ra1 Bf8 18. Rfb1 Qc7 19. b4 cxb4 20. c5 b3 21. Rxb3 Be6
22. Rb2 h6 23. Rab1 Ra7 24. Qc1 Kh7 25. Nh2 Nd7 26. f4 f5 27. Nf3 Bg7 28. Rb6
fxe4 29. dxe4 Rf8 30. Qb2 exf4 31. Nxd4 Bxh3 32. gxh3 f3 33. Be1 Qe5 34. Rd1
Qg5+ 35. Kh1 Qh5 36. Qf2 Qxh3+ 37. Qh2 Qf1+ 38. Qg1 Qh3+ 39. Qh2 Qxh2+ 40. Kxh2
f2 41. Bxf2 Rxf2+ 42. Kg1 Ra2 43. Rxc6 Ra1 44. Rxa1 Bxd4+ 45. Kg2 Bxa1 46. Rc8
Nf6 47. Nb6 Be5 48. Nd5 Kg7 49. Kf3 Kf7 50. c6 Ne8 51. Rd8 Nc7 52. Nb6 Ne6 53.
Rd5 Nd4+ 54. Kg2 Nxc6 55. Rc5 Rc7 56. Nd5 Rc8 0-1

[Event "Open Marianske Lazne 2015 - A - velmist"]
[Site "Marianske Lazne CZE"]
[Date "2015.01.23"]
[Round "8.4"]
[White "Kim, Alexey"]
[Black "Berend, Fred"]
[Result "1/2-1/2"]
[WhiteElo "2477"]
[BlackElo "2363"]
[PlyCount "57"]
[EventDate "2015.01.17"]
[EventType "tourn"]
[EventRounds "9"]
[EventCountry "CZE"]
[EventCategory "7"]
[Source "lmi"]
[SourceDate "2015.01.17"]

1. e4 e5 2. Nf3 Nc6 3. Bc4 Bc5 4. c3 Nf6 5. d3 a6 6. Bb3 d6 7. Nbd2 O-O 8. h3
Be6 9. Nf1 h6 10. Ng3 Qd7 11. Nh4 d5 12. Qf3 Kh7 13. Nhf5 dxe4 14. dxe4 Ng8 15.
Be3 Bxe3 16. Nxe3 Bxb3 17. axb3 Nce7 18. O-O Rad8 19. Qe2 Qd3 20. Rfd1 Qxe2 21.
Nxe2 Nf6 22. f3 g6 23. Nc4 Nc6 24. Ng3 Kg7 25. Nf1 Rd7 26. Rxd7 Nxd7 27. Nfe3
Nc5 28. b4 Ne6 29. Rd1 1/2-1/2

[Event "Open Marianske Lazne 2015 - A - velmist"]
[Site "Marianske Lazne CZE"]
[Date "2015.01.23"]
[Round "8.5"]
[White "Simantsev, Mikhail"]
[Black "Erenberg, Ariel"]
[Result "0-1"]
[WhiteElo "2432"]
[BlackElo "2251"]
[PlyCount "106"]
[EventDate "2015.01.17"]
[EventType "tourn"]
[EventRounds "9"]
[EventCountry "CZE"]
[EventCategory "7"]
[Source "lmi"]
[SourceDate "2015.01.17"]

1. c4 c5 2. Nf3 Nc6 3. d4 cxd4 4. Nxd4 Nf6 5. Nc3 e6 6. g3 Qb6 7. Ndb5 Ne5 8.
Bg2 a6 9. Qa4 Rb8 10. Be3 Bc5 11. Bxc5 Qxc5 12. Na3 O-O 13. O-O d6 14. b4 Qc7
15. Rac1 Bd7 16. Qd1 Rfc8 17. Qd2 Qb6 18. Ne4 Nxe4 19. Bxe4 Rd8 20. c5 dxc5 21.
bxc5 Qc7 22. Qf4 Rdc8 23. Rfd1 Bc6 24. Bxc6 Nxc6 25. Rd6 Ne7 26. Qd2 Nd5 27. e4
Nf6 28. Qd4 h6 29. Rc3 b6 30. c6 Nxe4 31. Qxe4 Qxd6 32. Nc2 Qd5 33. Qxd5 exd5
34. Nb4 d4 35. Rd3 Kf8 36. Nxa6 Ra8 37. Nb4 Rd8 38. h4 Rd6 39. Kf1 Ke8 40. Ke2
Kd8 41. Kd2 Kc7 42. Kc2 b5 43. Rf3 f6 44. h5 Ra4 45. Rb3 Kb6 46. Kd2 Rxc6 47.
Nxc6 Rxa2+ 48. Kd3 Kxc6 49. Kxd4 Rxf2 50. Re3 Rd2+ 51. Kc3 Rd5 52. g4 Rc5+ 53.
Kb3 Rc4 0-1

[Event "Open Marianske Lazne 2015 - A - velmist"]
[Site "Marianske Lazne CZE"]
[Date "2015.01.24"]
[Round "9.1"]
[White "Erenberg, Ariel"]
[Black "Kargin, Arseny"]
[Result "0-1"]
[WhiteElo "2251"]
[BlackElo "2444"]
[PlyCount "96"]
[EventDate "2015.01.17"]
[EventType "tourn"]
[EventRounds "9"]
[EventCountry "CZE"]
[EventCategory "7"]
[Source "lmi"]
[SourceDate "2015.01.17"]

1. d4 d5 2. c4 c6 3. Nc3 Nf6 4. e3 e6 5. Nf3 Nbd7 6. Bd3 dxc4 7. Bxc4 b5 8. Be2
b4 9. Na4 Be7 10. O-O O-O 11. Bd2 Bb7 12. Qb3 a5 13. a3 Ne4 14. axb4 Nxd2 15.
Nxd2 Bxb4 16. Ne4 Rb8 17. Qc2 e5 18. Rfd1 Qe7 19. Nac5 exd4 20. exd4 Bc8 21.
Bd3 Nb6 22. Ng3 g6 23. Na6 Bxa6 24. Bxa6 Qe6 25. Rac1 Rfd8 26. Be2 Rbc8 27. Bf3
Nd5 28. Ne4 Qe7 29. Nc3 Nf6 30. Qa4 Qa7 31. Ne2 c5 32. d5 Qe7 33. Nc3 Qe5 34.
Re1 Qg5 35. h4 Qxh4 36. Red1 Qf4 37. Rc2 c4 38. Nb5 Rc5 39. d6 Qe5 40. Re2 Qf5
41. Nd4 Qf4 42. Re6 Rg5 43. Rxf6 Qxf6 44. d7 Bc5 45. Re1 Qxd4 46. Re8+ Kg7 47.
Rxd8 Qxf2+ 48. Kh2 Qh4# 0-1

[Event "Open Marianske Lazne 2015 - A - velmist"]
[Site "Marianske Lazne CZE"]
[Date "2015.01.24"]
[Round "9.5"]
[White "Dobrowolski, Piotr"]
[Black "Andreev, Eduard"]
[Result "1/2-1/2"]
[WhiteElo "2434"]
[BlackElo "2458"]
[PlyCount "21"]
[EventDate "2015.01.17"]
[EventType "tourn"]
[EventRounds "9"]
[EventCountry "CZE"]
[EventCategory "7"]
[Source "lmi"]
[SourceDate "2015.01.17"]

1. e4 c5 2. Nf3 d6 3. Bb5+ Bd7 4. Bxd7+ Qxd7 5. O-O Nc6 6. c3 Nf6 7. Qe2 e6 8.
d4 cxd4 9. cxd4 d5 10. e5 Ne4 11. Nbd2 1/2-1/2

[Event "Open Marianske Lazne 2015 - B1 - mistro"]
[Site "Marianske Lazne CZE"]
[Date "2015.01.17"]
[Round "1.1"]
[White "Martynkova, Olena"]
[Black "Gadimbayli, Abdulla"]
[Result "0-1"]
[WhiteElo "2124"]
[BlackElo "2184"]
[PlyCount "84"]
[EventDate "2015.01.17"]
[EventType "tourn"]
[EventRounds "9"]
[EventCountry "CZE"]
[EventCategory "1"]
[Source "lmi"]
[SourceDate "2015.01.17"]

1. d4 d5 2. c4 c6 3. Nf3 Nf6 4. e3 e6 5. Bd3 Nbd7 6. O-O b6 7. Nc3 Bb7 8. e4
dxe4 9. Nxe4 Be7 10. Bf4 O-O 11. Qe2 c5 12. dxc5 Nxe4 13. Bxe4 Bxe4 14. Qxe4
Nxc5 15. Qe2 Qd3 16. Rfe1 Rfd8 17. Be3 Qxe2 18. Rxe2 Nd3 19. b3 e5 20. Ne1 Bb4
21. Nxd3 Rxd3 22. Rc2 f5 23. g3 Rf8 24. a3 Be7 25. b4 f4 26. Bd2 Bg5 27. Bc3 e4
28. Be5 f3 29. h4 Bd2 30. c5 e3 31. fxe3 Bxe3+ 32. Kh2 bxc5 33. bxc5 Rd5 34.
Bd6 Rc8 35. Bf4 Rcxc5 36. Rxc5 Bxc5 37. a4 h6 38. g4 g5 39. hxg5 hxg5 40. Bg3
Rd2+ 41. Kh3 Rd7 42. Be5 Bf2 0-1

[Event "Open Marianske Lazne 2015 - B1 - mistro"]
[Site "Marianske Lazne CZE"]
[Date "2015.01.17"]
[Round "1.2"]
[White "Lokander, Martin"]
[Black "Mazja, Aleksandr G"]
[Result "1-0"]
[WhiteElo "2357"]
[BlackElo "2297"]
[PlyCount "67"]
[EventDate "2015.01.17"]
[EventType "tourn"]
[EventRounds "9"]
[EventCountry "CZE"]
[EventCategory "1"]
[Source "lmi"]
[SourceDate "2015.01.17"]

1. d4 d5 2. c4 dxc4 3. e4 c5 4. d5 e6 5. Nc3 exd5 6. Nxd5 Nf6 7. Bxc4 Nxd5 8.
Bxd5 Bd6 9. Nf3 O-O 10. b4 Nc6 11. bxc5 Bxc5 12. O-O Nb4 13. Bg5 Qd6 14. Bb3 h6
15. Bh4 Bg4 16. h3 Bh5 17. Qxd6 Bxd6 18. Rfd1 Bc5 19. Rd7 g5 20. g4 gxh4 21.
gxh5 Rae8 22. Nxh4 Kh8 23. Bxf7 Rd8 24. Ng6+ Kg7 25. Nxf8 Rxf8 26. Bg6+ Kf6 27.
Rc1 Bb6 28. Rb1 Bc5 29. a3 Nc6 30. Rd5 Bxa3 31. Rxb7 Ne7 32. Ra5 Bd6 33. e5+
Bxe5 34. Ra6+ 1-0

[Event "Open Marianske Lazne 2015 - B1 - mistro"]
[Site "Marianske Lazne CZE"]
[Date "2015.01.17"]
[Round "1.3"]
[White "Jurek, Josef"]
[Black "Demidov, Mikhail"]
[Result "0-1"]
[WhiteElo "2291"]
[BlackElo "2519"]
[PlyCount "102"]
[EventDate "2015.01.17"]
[EventType "tourn"]
[EventRounds "9"]
[EventCountry "CZE"]
[EventCategory "1"]
[Source "lmi"]
[SourceDate "2015.01.17"]

1. d4 d5 2. c4 dxc4 3. Nf3 Nf6 4. e3 a6 5. Bxc4 b5 6. Bd3 e6 7. a4 b4 8. Nbd2
Bb7 9. Nb3 Nbd7 10. O-O c5 11. Qe2 cxd4 12. exd4 Be7 13. Bf4 O-O 14. Rac1 Nd5
15. Bg3 Qb6 16. a5 Qa7 17. Rc2 Rac8 18. Rfc1 Rxc2 19. Rxc2 Qa8 20. Ne5 Nxe5 21.
Bxe5 Nf6 22. f3 Nd7 23. Bg3 Rc8 24. Bf2 Bd8 25. Be1 Bd5 26. Rxc8 Qxc8 27. Bxa6
Qc7 28. Bg3 e5 29. Nc5 Nxc5 30. dxc5 Qxc5+ 31. Bf2 Qc1+ 32. Be1 f6 33. Kf1 Qc5
34. Qb5 Qxb5+ 35. Bxb5 Bxa5 36. Ke2 Kf7 37. Bd3 g6 38. h4 h5 39. g4 hxg4 40.
fxg4 Be6 41. Kf3 f5 42. gxf5 gxf5 43. Bb5 Bd5+ 44. Ke2 Kf6 45. Kd3 Bf7 46. Bd2
e4+ 47. Ke2 Ke5 48. Bd7 Bh5+ 49. Kf1 f4 50. b3 e3 51. Bc1 Bb6 0-1

[Event "Open Marianske Lazne 2015 - B1 - mistro"]
[Site "Marianske Lazne CZE"]
[Date "2015.01.17"]
[Round "1.4"]
[White "Gungl, Theo"]
[Black "Ioannidis, Evgenios"]
[Result "0-1"]
[WhiteElo "2151"]
[BlackElo "2087"]
[PlyCount "78"]
[EventDate "2015.01.17"]
[EventType "tourn"]
[EventRounds "9"]
[EventCountry "CZE"]
[EventCategory "1"]
[Source "lmi"]
[SourceDate "2015.01.17"]

1. e4 c5 2. Nf3 d6 3. d4 cxd4 4. Nxd4 Nf6 5. Nc3 a6 6. Bg5 e6 7. f4 Qb6 8. Nb3
Be7 9. Qf3 Nbd7 10. O-O-O Qc7 11. Bd3 b5 12. Rhe1 Bb7 13. g4 b4 14. Ne2 O-O 15.
Kb1 a5 16. Nd2 Nc5 17. Ng3 Rfc8 18. Rc1 Na4 19. Nb3 h6 20. Bh4 Nxe4 21. Bxe4
Bxe4 22. Nxe4 Bxh4 23. Rg1 d5 24. Nf2 Nxb2 25. g5 hxg5 26. Ng4 Qc3 27. Qxc3
bxc3 28. fxg5 Bxg5 29. Rcf1 a4 30. Nd4 Nc4 31. Rf2 Rab8+ 32. Ka1 Be7 33. Nh6+
Kh7 34. Rxf7 Bf6 35. Nxe6 Kxh6 36. Nxg7 Bxg7 37. Rfxg7 Ne3 38. R7g6+ Kh7 39.
Rg7+ Kh8 0-1

[Event "Open Marianske Lazne 2015 - B1 - mistro"]
[Site "Marianske Lazne CZE"]
[Date "2015.01.17"]
[Round "1.5"]
[White "Gumularz, Szymon"]
[Black "Repka, Christopher"]
[Result "0-1"]
[WhiteElo "2256"]
[BlackElo "2417"]
[PlyCount "102"]
[EventDate "2015.01.17"]
[EventType "tourn"]
[EventRounds "9"]
[EventCountry "CZE"]
[EventCategory "1"]
[Source "lmi"]
[SourceDate "2015.01.17"]

1. d4 Nf6 2. Nf3 e6 3. g3 b6 4. Bg2 Bb7 5. O-O Be7 6. c4 O-O 7. Nc3 Ne4 8. Qc2
Nxc3 9. Qxc3 d6 10. Qc2 f5 11. d5 e5 12. e4 Bc8 13. b4 a5 14. bxa5 Rxa5 15. Bd2
fxe4 16. Ne1 Ra8 17. Bxe4 h6 18. Nd3 Bh3 19. Rfe1 Nd7 20. f4 Nf6 21. Bg2 Bf5
22. Qb3 Nd7 23. Kh1 Bf6 24. Rac1 Qc8 25. Bb4 Re8 26. fxe5 Nxe5 27. Nxe5 Bxe5
28. a3 Qd7 29. Rf1 Rf8 30. Rce1 Rae8 31. a4 h5 32. Bd2 Ra8 33. a5 bxa5 34. c5
a4 35. Qc4 a3 36. Rxe5 dxe5 37. c6 Qf7 38. Bc3 Qg6 39. Bb4 a2 40. Qc3 Rfb8 41.
Ra1 Be4 42. Qc4 Bd3 43. Qc3 Be2 44. Qe1 Qg4 45. Bc3 Bd3 46. h3 Qe2 47. Qxe2
Bxe2 48. Bxe5 Rb1+ 49. Kh2 Rxa1 50. Bxa1 Bc4 51. g4 h4 0-1

[Event "Open Marianske Lazne 2015 - B1 - mistro"]
[Site "Marianske Lazne CZE"]
[Date "2015.01.18"]
[Round "2.1"]
[White "Gadimbayli, Abdulla"]
[Black "Repka, Christopher"]
[Result "0-1"]
[WhiteElo "2184"]
[BlackElo "2417"]
[PlyCount "66"]
[EventDate "2015.01.17"]
[EventType "tourn"]
[EventRounds "9"]
[EventCountry "CZE"]
[EventCategory "1"]
[Source "lmi"]
[SourceDate "2015.01.17"]

1. e4 e6 2. d4 d5 3. Nd2 Nf6 4. e5 Nfd7 5. Bd3 c5 6. c3 Nc6 7. Ngf3 h5 8. h4
Be7 9. Qe2 cxd4 10. cxd4 Nb4 11. Bb1 b6 12. Qd1 Ba6 13. Nb3 Rc8 14. a3 Nc6 15.
Bd3 Bxd3 16. Qxd3 a5 17. Bg5 Bxg5 18. Nxg5 Ne7 19. O-O Nf5 20. g3 Rc4 21. Rac1
a4 22. Nd2 Rxd4 23. Qa6 O-O 24. Ndf3 Rg4 25. Nh2 Nxh4 26. Nxg4 Qxg5 27. Nh2 Nf5
28. Rc8 h4 29. g4 Nd4 30. Qb7 h3 31. Qxd7 Nf3+ 32. Kh1 Qf4 33. Rxf8+ Kh7 0-1

[Event "Open Marianske Lazne 2015 - B1 - mistro"]
[Site "Marianske Lazne CZE"]
[Date "2015.01.18"]
[Round "2.2"]
[White "Ioannidis, Evgenios"]
[Black "Gumularz, Szymon"]
[Result "0-1"]
[WhiteElo "2087"]
[BlackElo "2256"]
[PlyCount "74"]
[EventDate "2015.01.17"]
[EventType "tourn"]
[EventRounds "9"]
[EventCountry "CZE"]
[EventCategory "1"]
[Source "lmi"]
[SourceDate "2015.01.17"]

1. d4 d5 2. c4 c6 3. Nf3 Nf6 4. Nc3 a6 5. c5 Bf5 6. Qb3 Qc8 7. h3 h6 8. Bf4
Nbd7 9. e3 e6 10. Be2 Be7 11. O-O O-O 12. Na4 Ne4 13. Rad1 f6 14. Nh4 Bh7 15.
f3 Ng5 16. Bg3 Kh8 17. Bd3 f5 18. e4 f4 19. exd5 fxg3 20. dxe6 Nxh3+ 21. gxh3
Bxh4 22. Bxh7 Kxh7 23. Qc2+ Kh8 24. exd7 Qxd7 25. Nb6 Qxh3 26. Nxa8 Rxa8 27. d5
cxd5 28. Rxd5 Re8 29. Rh5 g2 30. Qxg2 Bf2+ 31. Qxf2 Qxh5 32. Rd1 Re6 33. b4
Rg6+ 34. Kf1 Qh3+ 35. Ke1 Qe6+ 36. Qe2 Rg1+ 37. Kd2 Rg2 0-1